000 00425cam a22001337a 4500
008 180718b1968 xxu||||| |||| 00| 0 eng d
082 _aW4000x42 Un3
100 _aLondon : Her majestry's stationery office
245 _aTraffic and transport plans
_cBy HMSO
260 _aLondon
_bHer majestry's stationery office
_c1968
300 _a41p.
650 _aTraffic flow -- Management
650 _aTraffic congestion -- Prevention
999 _c413545
_d413545